00547nam a2200157Ia 4500008004100000041001200041082001600053100001600069245005500085260003300140300000900173650001400182942000700196999001500203952017100218221030s9999 xx 000 0 und d aEnglish a105.23bChu aK. L. Chugh 0aKalyani Objective Series Chemistrycby K. L. Chugh bKalyani PubaNew Delhic1997 a1059 aChemistry cBK c7452d7452 pBE 3908g300.00l0o105.23 Chur2024-06-13 00:00:00w2022-10-30yBK003Print4070aMIETLIBbMIETLIBcBL-Academic Block C, FL-2, CUP-19, SH-1, R-1d2001-05-2310HBE